Successful small-scale farming : (Record no. 19052)

000 -LEADER
fixed length control field 00569cam a2200217 a 4500
020 ## - INTERNATIONAL STANDARD BOOK NUMBER
ISBN 9780882666426
020 ## - INTERNATIONAL STANDARD BOOK NUMBER
ISBN 0882666428
040 ## - CATALOGING SOURCE
Transcribing agency DLC
082 00 - DEWEY DECIMAL CLASSIFICATION NUMBER
Classification number 630 FAO 1987 C159 Or.
100 1# - MAIN ENTRY--AUTHOR NAME
Personal name Schwenke, Karl
245 10 - TITLE STATEMENT
Title Successful small-scale farming :
Remainder of title an organic approach /
250 ## - EDITION STATEMENT
Edition statement Second edition.
300 ## - PHYSICAL DESCRIPTION
Number of Pages x, 134 pages :
Other physical details illustrations ;
Dimensions 28 cm.
490 1# - SERIES STATEMENT
Series statement A Down-to-earth book
650 #0 - SUBJECT ADDED ENTRY--TOPICAL TERM
Topical Term Agriculture
650 #0 - SUBJECT ADDED ENTRY--TOPICAL TERM
Topical Term Organic farming
650 #0 - SUBJECT ADDED ENTRY--TOPICAL TERM
Topical Term Agriculture
650 #0 - SUBJECT ADDED ENTRY--TOPICAL TERM
Topical Term Organic farming
650 #0 - SUBJECT ADDED ENTRY--TOPICAL TERM
Topical Term Farms, Small
942 ## - ADDED ENTRY ELEMENTS (KOHA)
Koha item type ADB
952 ## - LOCATION AND ITEM INFORMATION (KOHA)
Withdrawn status [LOCAL, KOHA] 0
Holdings
Koha item type Source of acquisition Lost status Permanent Location Current Location Date acquired Full call number
សៀវភៅភាសាអង់គ្លេសA33253 Library Block CLibrary Block C2020-03-04630 FAO 1987 C159 Or.
មជ្ឈមណ្ឌលឯការនៃសាកលវិទ្យាល័យភូមិន្ទកសិកម្មចំការដូង

Powered by Koha